Tafseer Ahsan al Kalam (Pocket-size) | (Record no. 592640)
[ view plain ]
| 000 -LEADER | |
|---|---|
| fixed length control field | 00327nam a22001217a 4500 |
| 040 ## - CATALOGING SOURCE | |
| Transcribing agency | NUST |
| 082 ## - DEWEY DECIMAL CLASSIFICATION NUMBER | |
| Classification number | 297.124,KHA |
| 100 ## - MAIN ENTRY--PERSONAL NAME | |
| Personal name | Khan, Dr. Mohsin |
| 9 (RLIN) | 104580 |
| 245 ## - TITLE STATEMENT | |
| Title | Tafseer Ahsan al Kalam (Pocket-size) | |
| Statement of responsibility, etc. | Dr. Mohsin Khan |
| 260 ## - PUBLICATION, DISTRIBUTION, ETC. | |
| Place of publication, distribution, etc. | Lahor, Pakistan |
| Name of publisher, distributor, etc. | Darussalam |
| 300 ## - PHYSICAL DESCRIPTION | |
| Extent | 1139 p.: |
| 942 ## - ADDED ENTRY ELEMENTS (KOHA) | |
| Source of classification or shelving scheme | |
| Koha item type | Book |
| Call number prefix | 297.124,KHA |
| Withdrawn status | Lost status | Source of classification or shelving scheme | Damaged status | Not for loan | Permanent Location | Current Location | Shelving location | Date acquired | Total Checkouts | Full call number | Barcode | Date last seen | Price effective from | Koha item type | Public note |
|---|---|---|---|---|---|---|---|---|---|---|---|---|---|---|---|
| Military College of Signals (MCS) | Military College of Signals (MCS) | General Stacks | 12/09/2022 | 297.124,KHA | MCS32908 | 12/09/2022 | 12/09/2022 | Book | Almirah No.48, Shelf No.3 |
